000 00391nam a2200169Ia 4500
003 OSt
005 20240403113358.0
008 170619s9999 xx 000 0 und d
020 _a8123908946
040 _cIIMT ENGINEERING COLLEGE
100 _aGere James M
245 0 _aMechanics of materials
260 _bNew Delhi; C B S
260 _c2004
546 _aENGLISH
942 _2ddc
_c01
999 _c18097
_d18097